000 00575nam a2200217Ii 4500
003 JO-AjNU
008 230606s9999||||xx |||||||||||||| ||und||
020 _a978-93-80228-01-3
040 _aJO-AjNU
_beng
_erda
_cJO-AjNU
041 _aeng
050 1 4 _aTD897.2009
100 3 _aKhurana,
_eauthor
_91248
245 0 0 _aScientific Management
250 _a1 ed
264 3 1 _aIndia: Global pub,2009
300 _a300p
336 _atext
_btxt
_2rdacontent
337 _aunmediated
_bn
_2rdamedia
338 _avolume
_bnc
_2rdacarrier
650 4 _aScientific Management
_91249
999 _aE658
_c658
_d658